| Поле | Инд. | ПП | Название | Значение |
|---|---|---|---|---|
| Тип записи | a | |||
| Библиографический уровень | b | |||
| 001 | Контрольный номер | RU/IS/BASE/335899719 | ||
| 005 | Дата корректировки | 20200522191428.0 | ||
| 008 | Кодируемые данные | 20100823 | ||
| 040 | b | Код языка каталог. | rus | |
| e | Правила каталог. | PSBO | ||
| 041 | 0_ | a | Код языка текста | rus |
| 084 | a | Индекс другой классификации/Индекс ББК | 67.400.6(5Каз); 67.401.011.2(5Каз) | |
| 100 | 1_ | a | Автор | Айтказинов Е. Б. |
| 245 | 10 | a | Заглавие | Правовые проблемы взаимоотошений региональных представительных и исполнительных органов власти республики Казахстан |
| 504 | a | Библиография | Примеч. - Лит. | |
| 650 | a | Основная рубрика | административное право | |
| a | Основная рубрика | конституционное право (государственное право) | ||
| a | Основная рубрика | право | ||
| 653 | a | Ключевые слова | исполнительная власть | |
| a | Ключевые слова | Казахстан | ||
| a | Ключевые слова | органы государственной власти | ||
| a | Ключевые слова | представительная власть | ||
| a | Ключевые слова | региональная власть | ||
| a | Ключевые слова | региональная исполнительная власть | ||
| a | Ключевые слова | региональные органы власти | ||
| a | Ключевые слова | региональные органы управления | ||
| 773 | 08 | t | Заглавие источника | Вестник Московского университета. Серия 11, Право |
| d | Дата издания источника | 2010 | ||
| g | Прочая информация | № 3. - С. 94 - 105 | ||
| w | Контрольный № источника | RU/IS/BASE/330541362 | ||
| 901 | t | Тип документа | b |